Foreign tourist arrivals in India by Country of Origin - Statistics

General Stats
  • This quiz has been taken 226 times
  • The average score is 13 of 15
Answer Stats
Number Answer % Correct
1,213,624 United States
99%
867,601 United Kingdom
98%
206,322 China
96%
230,854 France
93%
248,314 Germany
91%
1,133,879 Bangladesh
88%
263,101 Australia
87%
281,306 Canada
85%
207,415 Japan
85%
124,924 Pakistan
85%
154,720 Nepal
83%
172,419 Russia
79%
299,513 Sri Lanka
76%
272,941 Malaysia
63%
152,238 Singapore
57%
No matching quizzes found
Score Distribution
Percent of People with Each Score
Percentile by Number Answered
Your Score History
You have not taken this quiz